Justin Bieber or Mohandas Gandhi? Quiz Stats

 Plays Quiz Updated Feb 23, 2018

Challenge
Share
Tweet
Embed
Score 0/22 Timer 05:00
0 Plays Today
Quote Enter 'Bieber' or 'Gandhi' % Correct
My prayers go out tonight to the people of New Zealand.???
78.8%
Always aim at complete harmony of thought and word and deed.???
77.9%
Peace is its own reward.???
76.7%
Even last week they had me scolded on a plane in the news because I wasnt in my seat fast enough.???
75.6%
If a few drops of the ocean are dirty, the ocean does not become dirty.???
74.7%
Their hate can never stop you from chasing your dream.???
74.4%
The best way to find yourself is to lose yourself in the service of others.???
73.9%
When you smile I smile, and when my friends hurt I hurt.???
72%
Even if you are a minority of one, the truth is the truth.???
72%
Happiness is when what you think, what you say, and what you do are in harmony.???
68.9%
In a gentle way, you can shake the world.???
63.6%
Quote Enter 'Bieber' or 'Gandhi' % Correct
Live as if you were to die tomorrow. Learn as if you were to live forever.???
63.6%
I'm not dead. I had to check on this one, but it turns out I'm alive.???
60.9%
One in eight people in the world lack access to clean water.???
58.3%
Hate is a funny thing.???
54.8%
My life is my message.???
50.7%
All people are equal and all people deserve respect.???
50.2%
If the Lord can forgive so can I.???
49.8%
Nobody can hurt me without my permission.???
45.9%
Before you criticize somebody, walk a mile in their shoes. That way you are a mile away and have their shoes.???
40%
The act of giving is so much better than the act of taking.???
38.1%
I believe in equality for everyone, except reporters and photographers.???
19.3%

You're not logged in!

Compare scores with friends on all Sporcle quizzes.
OR
Log In

You Might Also Like...

Show Comments

Extras

Top Quizzes Today


Score Distribution

Your Account Isn't Verified!

In order to create a playlist on Sporcle, you need to verify the email address you used during registration. Go to your Sporcle Settings to finish the process.

Report this User

Report this user for behavior that violates our Community Guidelines.

Details: